Katalog der Stempelmarken von Deutschland vol 15 Rentenversicherungsmarken (Record no. 1834)

000 -LEADER
fixed length control field 00378nam a22000977a 4500
008 - FIXED-LENGTH DATA ELEMENTS--GENERAL INFORMATION
fixed length control field 160314b xxu||||| |||| 00| 0 eng d
100 ## - MAIN ENTRY--AUTHOR'S NAME
Author's Name Erler, Martin
245 ## - TITLE STATEMENT
Title Katalog der Stempelmarken von Deutschland vol 15 Rentenversicherungsmarken
Remainder of title Catalog of German revenues - Social Insurence 1923 onward
260 ## - PUBLICATION, DISTRIBUTION, ETC. (IMPRINT)
Place of publication, distribution, etc. Ickingen, Germany
Name of publisher, distributor, etc. ORA Verlag
Date of publication, distribution, etc. 1994
650 ## - TOPICAL TERM (Tag)
Topical term or geographic name Social Insurance stamps
Holdings
Withdrawn status Lost status Source of classification or shelving scheme Damaged status Koha normalized classification for sorting Not for loan Permanent Location Current Location Date acquired Total Checkouts Full call number Barcode Date last seen Copy number Price effective from
        G6081 R451 E69   Northern Philatelic Library Northern Philatelic Library 03/14/2016   G6081 .R451 E69 1002094 03/14/2016 1 03/14/2016
        G6081 R451 E69   Northern Philatelic Library Northern Philatelic Library 03/14/2016   G6081 .R451 E69 1002095 03/14/2016 2 03/14/2016

Powered by Koha